01502cam a22003734i 4500003000900000005001700009008004100026020001800067035002700085040003300112082002600145100002700171245004300198264006000241300003900301336002100340337002500361338002300386490005800409505050200467526001000969526001000979526001000989526001000999526000801009526000801017526000801025526000801033526000801041526000801049526000801057541002401065630003901089PE-LiUPU20250731173335.0150706s2007 miu r 000 0 eng d a9780802825018 a(Sirsi) i9780802825018 aPE-LiUPUbspacPE-LiUPUerda04a225.07bNICNT20072211 aFrance, R. T.,eautor.14aThe gospel of Matthew /cR. T. France. 1aGrand Rapids, Michigan :bWilliam B. Eendermans,c2007. a1169 páginas ;c25 centímetros atext2rdacontent aunmediated2rdamedia avolume2rdacarrier0 aThe New International Commentary on the New Testament0 aThe structure of mattew -- Galilee and Jerusalem -- The matthean discourses -- Fulfillment- the "Formula-Quotations" -- Who? Where? When? How? Some broad proposals on the provenance of The "Gospel of matthew -- Comentary -- Introducing the messiah (1:1-4:11) -- From galilee to jerusalem:The messiah and his follewer prepare for the confrotation (16:21-20:34) -- Jerusalem: the messiah in confrontation wth the religious anthorities (21:1-25:46) -- Galilee: the messias nic mission is launched. aSEG42 aSEG41 aSEG40 aSEG39 aP94 aP87 aP86 aP85 aP77 aP76 aP35 g1057695742-4939426;04aBilbia.pN.T.pMateoxComentarios.